Responses for Show #8192 - Tuesday, March 31, 2020

Contestants

[<< previous game]

Leanne Gonzalez-Singer, a legal secretary from New York, New York

J.R. Mannetta, a dean of students from Jamaica Plain, Massachusetts

Kyle Dallman, a political recruiter and trainer from Cincinnati, Ohio (whose 1-day cash winnings total $15,400)

[next game >>]

Jeopardy! Round responses

ANIMAL FACTS
POSSESSIVE PHRASES
BASEBALL LINGO
SIMILAR BRAND NAMES
ITS NEAREST NEIGHBOR NATION
(Alex: We'll give you one country.)
ADD A LETTER
(Alex: Each response will be two words.)
    $200 25
a rock

Kyle
    $200 26
a lamb's tail

Leanne
    $200 7
a home run

J.R.
    $200 16
(Kyle: What is [*] and Whoppers?)

Whopper

Kyle
    $200 1
Spain

Leanne
    $200 6
(J.R.: What is a scarf?)
(Alex: Remember, two words.)

scarf scar

J.R.
    $400 21
a flamingo

Leanne
    $400 27
(Leeanne: Who is Lot?)

Lot's wife

J.R.Leanne
    $400 8
third base

J.R.
    $400 17
(J.R.: What is Domino and [*]?)
(Alex: Yep. We don't need both of them, by the way.)

Domino's

J.R.
    $400 2
India

J.R.
    $400 12
surgeon & sturgeon

Kyle
    $600 22
(Pablo) Escobar

Leanne
    $600 28
Custer's Last Stand

J.R.
    $600 9
an iron man

J.R.
    $600 18
delta

J.R.
    $600 3
Germany

Leanne
    $600 13
smile & simile

Leanne
    $800 24
an opossum

Leanne
    $800 29
"Robert's Rules of Order"

Kyle
    $800 10
a basket catch

J.R.
    $800 19
Pandora

Leanne
    $800 4
Venezuela

Kyle
    $800 14
a bunion & a union

J.R.
    $1000 23
hemoglobin

Leanne
    $1000 30
All the President's Men

J.R.
    $1000 11
"The Show"

Triple Stumper
    $1,000 20
(Alex: No fun eating the moisturizing kind.)

Dove

Leanne
    $1000 5
Senegal

Kyle
    $1000 15
grate & gyrate

Kyle

Scores at the first commercial break (after clue 15):

Kyle J.R. Leanne
$3,200 $3,400 $1,400

Scores at the end of the Jeopardy! Round:

Kyle J.R. Leanne
$4,400 $6,400 $5,800

Double Jeopardy! Round responses

REMEMBER JAMES GARFIELD!
MISSING PIECES
MOVIE TITLE FEMALES
PLAYS & PLAYWRIGHTS
BEHIND THE TV & RADIO CALL LETTERS
C BEFORE E, AFTER I
(Alex: That means "I-C-E" coming up in that order in each correct response.)
    $400 28
a log cabin

Kyle
    $400 1
(Kyle: What is "we"?)
(J.R.: What is "myself"?)
(Leanne: What is "us"?)

mine

KyleJ.R.Leanne
Triple Stumper
    $400 2
Maleficent

J.R.
    $400 11
the Trojan War

Leanne
    $400 21
the Warner Brothers

Kyle
    $400 16
practice

Kyle
    $800 27
Greek

Kyle
    $800 7
wrestling

Leanne
    $800 3
(Kyle: What is Oslo?)

Stockholm

KyleLeanne
    $800 12
Ibsen

Kyle
    $800 22
Grand Ole Opry

Triple Stumper
    $800 17
a bicentennial

J.R.
    $1200 26
an extradition warrant

Triple Stumper
    $1200 8
(J.R.: What is opera?)

the book

J.R.Leanne
    $1200 4
Juno

Leanne
    $1200 13
David Mamet

Leanne
    $6,400 23
(Kyle: What is Neiman Marcus?)

Sears

Kyle
    $1200 18
a hospice

J.R.
    $1600 29
(Kyle: What is Mississippi?)

Georgia

Kyle
Triple Stumper
    $1600 9
platelets

Kyle
    $1600 5
Annie Hall

Leanne
    $1600 14
Edward Albee

Triple Stumper
    $1600 24
(Alex: One of the landmarks of [*].)

San Francisco

Triple Stumper
    $1600 19
a crevice

Leanne
    $2,000 30
(Kyle: What is a Know-Nothing?)

Radical Republicans

Kyle
    $2000 10
St. Charles Place

Leanne
    $2000 6
Lady Bird

J.R.
    $2000 15
Inherit the Wind

Leanne
    $2000 25
Boston

J.R.
    $2000 20
a cornice

Leanne

Scores at the end of the Double Jeopardy! Round:

Kyle J.R. Leanne
-$2,400 $11,200 $20,200

[wagering suggestions for these scores]

Final Jeopardy! Round responses

GEOGRAPHIC NAMESAKES
J.R.What is New Hampshire
$11,200
LeanneWhat is New Hampshire
$2,300
New Hampshire

Final scores:

Kyle J.R. Leanne
-$2,400 $22,400 $22,500
3rd place: $1,000 2nd place: $2,000 New champion: $22,500

Game dynamics:

Coryat scores:

Kyle J.R. Leanne
$6,000 $11,200 $20,200
13 R,
5 W
(including 2 DDs)
17 R,
2 W
21 R
(including 1 DD),
2 W

Combined Coryat: $37,400

[game clues] [game scores] [suggest correction]

Game tape date: 2020-01-29
The J! Archive is created by fans, for fans. Scraping, republication, monetization, and malicious use prohibited; this site may use cookies and collect identifying information. See terms. The Jeopardy! game show and all elements thereof, including but not limited to copyright and trademark thereto, are the property of Jeopardy Productions, Inc. and are protected under law. This website is not affiliated with, sponsored by, or operated by Jeopardy Productions, Inc. Join the discussion at JBoard.tv.